000 00659nam a2200217 i 4500
001 000046684
003 DO-SdBNP
005 20250228152923.0
008 180316s2017 dr 000 spa d
020 _a9789945492927
040 _aDO-SdBNP
_bspa
_cBNPHU
_erda
100 1 _aCastillo, Efraím,
_d1940-
_928022
245 4 _aLos coberos del reino :
_bdrama en seis cuadros /
_cEfraim Castillo.
264 _aSanto Domingo :
_bNacional,
_c2017.
300 _a79 páginas ;
_c21 cm.
336 _2rdacontent
_atexto
_btxt
337 _2rdamedia
_asin mediación
_bn
338 _2rdacarrier
_avolumen
_bnc
590 _aInventariado,2018/DG
942 _2ddc
_cLBS1
999 _c46173
_d46173